[Event "Madrid ch Veteranos 2324"]
[Site "Madrid ESP"]
[Date "2024.03.18"]
[Round "6.12"]
[White "Marin Aso, Jose Luis"]
[Black "Lopez Molina, Santiago Jorge"]
[Result "1-0"]
[WhiteElo "1929"]
[BlackElo "1881"]
[PlyCount "53"]
[EventDate "2024.03.11"]
[EventType "swiss"]
[EventRounds "9"]
[EventCountry "ESP"]
[SourceTitle "Ajedrez en Madrid"]
[Source "lmi"]
[SourceDate "2024.03.11"]
[SourceVersion "1"]
[SourceVersionDate "2024.03.23"]
[SourceQuality "1"]

1. e4 Nf6 2. e5 Nd5 3. d4 d6 4. c4 Nb6 5. exd6 cxd6 6. Nf3 g6 7. h3 Bg7 8. Be2
O-O 9. Nc3 Nc6 10. O-O e5 11. Bg5 f6 12. Be3 f5 13. dxe5 dxe5 14. Qb3 Be6 15.
Rad1 Nd4 16. Nxd4 exd4 17. Nb5 dxe3 18. Rxd8 exf2+ 19. Kxf2 Raxd8 20. Rd1 Rxd1
21. Qxd1 Nxc4 22. Qb3 Rc8 23. Nd6 Bd4+ 24. Ke1 Rc6 25. Bxc4 Bxc4 26. Nxc4 Re6+
27. Ne5 1-0

[Event "Madrid ch Veteranos 2324"]
[Site "Madrid ESP"]
[Date "2024.03.18"]
[Round "6.13"]
[White "Pashov, Spas Nikolov"]
[Black "Cabanas Bravo, Juan Andres"]
[Result "0-1"]
[WhiteElo "1881"]
[BlackElo "1927"]
[PlyCount "112"]
[EventDate "2024.03.11"]
[EventType "swiss"]
[EventRounds "9"]
[EventCountry "ESP"]
[SourceTitle "Ajedrez en Madrid"]
[Source "lmi"]
[SourceDate "2024.03.11"]
[SourceVersion "1"]
[SourceVersionDate "2024.03.23"]
[SourceQuality "1"]

1. e4 e5 2. Nf3 Nc6 3. Bc4 Bc5 4. c3 Nf6 5. d4 exd4 6. e5 d5 7. Bb5 Ne4 8. cxd4
Bb4+ 9. Bd2 Nxd2 10. Nbxd2 Bd7 11. Bxc6 Bxc6 12. O-O O-O 13. a3 Ba5 14. b4 Bb6
15. a4 a5 16. b5 Bd7 17. Nb3 Qe7 18. Qd2 Bg4 19. h3 Bxf3 20. gxf3 Qh4 21. Kh2
Rae8 22. Rg1 f5 23. f4 Re6 24. Rg3 c6 25. Nc5 Bxc5 26. dxc5 Ra8 27. Rb1 Qh6 28.
bxc6 bxc6 29. Rgb3 Rxe5 30. Rb8+ Re8 31. Rxa8 Rxa8 32. Re1 Qf6 33. Re5 Rf8 34.
Qe3 Rd8 35. Re8+ Kf7 36. Rxd8 Qxd8 37. Qb3 Qc7 38. Kg2 Ke8 39. Kf3 Qe7 40. Qb8+
Kf7 41. Qc8 Qe4+ 42. Kg3 Qe6 43. Qc7+ Kg6 44. Qxa5 d4 45. Qd8 Qb3+ 46. Kh4 Qxa4
47. Qg5+ Kf7 48. Qxf5+ Ke7 49. Qxh7 d3 50. Qxg7+ Ke8 51. Qg6+ Kf8 52. Qf5+ Kg7
53. Qd7+ Kg8 54. Kg5 Qe4 55. Qd8+ Kf7 56. f5 Qe7+ 0-1

[Event "Madrid ch Veteranos 2324"]
[Site "Madrid ESP"]
[Date "2024.03.18"]
[Round "6.14"]
[White "Vazquez Gonzalez, Francisco"]
[Black "Barahona Torrijos, Angel"]
[Result "1-0"]
[WhiteElo "1918"]
[BlackElo "1833"]
[PlyCount "65"]
[EventDate "2024.03.11"]
[EventType "swiss"]
[EventRounds "9"]
[EventCountry "ESP"]
[SourceTitle "Ajedrez en Madrid"]
[Source "lmi"]
[SourceDate "2024.03.11"]
[SourceVersion "1"]
[SourceVersionDate "2024.03.23"]
[SourceQuality "1"]

1. e4 e5 2. Nf3 Nc6 3. Bc4 Nf6 4. Ng5 d5 5. exd5 b5 6. Bf1 Nd4 7. c3 Nxd5 8.
cxd4 Qxg5 9. Bxb5+ Bd7 10. Bxd7+ Kxd7 11. O-O exd4 12. d3 Qf5 13. Nd2 Qxd3 14.
Re1 Bd6 15. Qh5 Nf4 16. Qxf7+ Kc6 17. Nf3 Rhf8 18. Qb3 Nh3+ 19. gxh3 Rxf3 20.
Qa4+ Kb7 21. Bg5 Bxh2+ 22. Kg2 Rxf2+ 23. Kxf2 Qg3+ 24. Ke2 Qxg5 25. Qb4+ Kc8
26. Qf8+ Kd7 27. Qxa8 Qe3+ 28. Kf1 Qf4+ 29. Kg2 Qg3+ 30. Kh1 Qxh3 31. Qe8+ Kd6
32. Qd8+ Kc5 33. Rac1+ 1-0

[Event "Madrid ch Veteranos 2324"]
[Site "Madrid ESP"]
[Date "2024.03.18"]
[Round "6.15"]
[White "Fernandez Garcia, Ignacio"]
[Black "Villares Galiano, Luis"]
[Result "0-1"]
[WhiteElo "1873"]
[BlackElo "1890"]
[PlyCount "112"]
[EventDate "2024.03.11"]
[EventType "swiss"]
[EventRounds "9"]
[EventCountry "ESP"]
[SourceTitle "Ajedrez en Madrid"]
[Source "lmi"]
[SourceDate "2024.03.11"]
[SourceVersion "1"]
[SourceVersionDate "2024.03.23"]
[SourceQuality "1"]

1. d4 e6 2. e4 d5 3. e5 c5 4. c3 Nc6 5. Nf3 Qb6 6. Bd3 cxd4 7. cxd4 Bd7 8. O-O
Nxd4 9. Ng5 Nc6 10. Re1 Bc5 11. Qf3 Nh6 12. Nc3 Nd4 13. Qf4 Nhf5 14. g4 h6 15.
gxf5 hxg5 16. Qg3 g4 17. Qxg4 Nxf5 18. Qg2 Nh4 19. Qg3 O-O-O 20. Bg5 Bxf2+ 21.
Qxf2 Nf3+ 22. Kf1 Qxf2+ 23. Kxf2 Nxg5 24. Kg2 Rh3 25. Bb5 Rdh8 26. Rh1 Nf3 27.
Bxd7+ Kxd7 28. Raf1 Nxe5 29. Ne2 f6 30. Rf4 R3h4 31. Rd4 Rxd4 32. Nxd4 Rc8 33.
Rd1 a6 34. h3 b5 35. Kf2 Ke7 36. Ke2 g6 37. Rg1 Rc4 38. Rd1 Nf7 39. b3 Rc8 40.
Kd2 e5 41. Nc2 Ng5 42. Nb4 Kd6 43. Nxa6 Ne4+ 44. Ke1 Rc2 45. Nb4 Rc5 46. Na6
Rc8 47. Nb4 d4 48. Kf1 Nc3 49. Rd2 f5 50. Rg2 Rg8 51. h4 e4 52. Rd2 d3 53. Kg2
Nd5 54. Nxd5 Kxd5 55. Kg3 Kd4 56. Kf4 e3 0-1

[Event "Madrid ch Veteranos 2324"]
[Site "Madrid ESP"]
[Date "2024.03.18"]
[Round "6.16"]
[White "Pareja Vicente, Antonio"]
[Black "Prada Lopez, Miguel Angel"]
[Result "1-0"]
[WhiteElo "1869"]
[BlackElo "2048"]
[PlyCount "79"]
[EventDate "2024.03.11"]
[EventType "swiss"]
[EventRounds "9"]
[EventCountry "ESP"]
[SourceTitle "Ajedrez en Madrid"]
[Source "lmi"]
[SourceDate "2024.03.11"]
[SourceVersion "1"]
[SourceVersionDate "2024.03.23"]
[SourceQuality "1"]

1. e4 c5 2. Nc3 e6 3. Nf3 Nc6 4. Bb5 g6 5. O-O Bg7 6. Bxc6 dxc6 7. d3 e5 8. h3
Qe7 9. a4 b6 10. b3 Nf6 11. Ne2 Nh5 12. Rb1 Qc7 13. Bb2 O-O 14. Qd2 f6 15. Rbe1
Be6 16. g4 Nf4 17. Nxf4 exf4 18. e5 Bd5 19. exf6 Bxf6 20. Bxf6 Rxf6 21. Qc3
Raf8 22. Ng5 Qg7 23. f3 Qh6 24. Qe5 Rf5 25. gxf5 Qxg5+ 26. Kf2 Qg3+ 27. Ke2
Rxf5 28. Qe8+ Rf8 29. Qd7 Qg2+ 30. Kd1 Bxf3+ 31. Kc1 Bd5 32. c4 Bf7 33. Rxf4
Qa2 34. Ref1 Qa1+ 35. Kc2 Qg7 36. Qxc6 Qe5 37. Qf3 Qe7 38. Re4 Qd7 39. h4 h6
40. Qf6 1-0

[Event "Madrid ch Veteranos 2324"]
[Site "Madrid ESP"]
[Date "2024.03.18"]
[Round "6.17"]
[White "Martin-Consuegra Barrilero, Javi"]
[Black "Unciti Juan, Javier"]
[Result "0-1"]
[WhiteElo "1825"]
[BlackElo "1959"]
[PlyCount "52"]
[EventDate "2024.03.11"]
[EventType "swiss"]
[EventRounds "9"]
[EventCountry "ESP"]
[SourceTitle "Ajedrez en Madrid"]
[Source "lmi"]
[SourceDate "2024.03.11"]
[SourceVersion "1"]
[SourceVersionDate "2024.03.23"]
[SourceQuality "1"]

1. e4 e5 2. Nf3 d6 3. d4 Nd7 4. c3 Be7 5. Bd3 Ngf6 6. O-O c6 7. Re1 Qc7 8. Nbd2
Nf8 9. Nf1 h5 10. h3 Ne6 11. Qb3 Rg8 12. Bg5 Nh7 13. Bxe7 Qxe7 14. dxe5 dxe5
15. Qb4 Nc5 16. Bc2 g5 17. N3d2 h4 18. Ne3 g4 19. hxg4 Bxg4 20. Nxg4 Rxg4 21.
f3 Rg3 22. Re2 Ng5 23. Kf2 Nge6 24. Nc4 Nf4 25. Rd2 Rxg2+ 26. Ke3 Nd5+ 0-1

[Event "Madrid ch Veteranos 2324"]
[Site "Madrid ESP"]
[Date "2024.03.18"]
[Round "6.18"]
[White "Lobato Palomo, Manuel Angel"]
[Black "Vazquez Gonzalez, Jesus"]
[Result "0-1"]
[WhiteElo "1804"]
[BlackElo "1939"]
[PlyCount "64"]
[EventDate "2024.03.11"]
[EventType "swiss"]
[EventRounds "9"]
[EventCountry "ESP"]
[SourceTitle "Ajedrez en Madrid"]
[Source "lmi"]
[SourceDate "2024.03.11"]
[SourceVersion "1"]
[SourceVersionDate "2024.03.23"]
[SourceQuality "1"]

1. d4 c5 2. d5 e5 3. c4 d6 4. e4 g6 5. Bd3 Bg7 6. Nc3 Ne7 7. Nge2 O-O 8. f4 f5
9. O-O a6 10. fxe5 Bxe5 11. Bf4 Nd7 12. Bg5 Nf6 13. Bf4 Ng4 14. Rf3 Bxf4 15.
Nxf4 Ne5 16. Rg3 fxe4 17. Nxg6 N7xg6 18. Bxe4 Qh4 19. Qe1 Bf5 20. Bxf5 Qd4+ 21.
Kh1 Rxf5 22. Ne4 Nd3 23. Rxg6+ hxg6 24. Qg3 Qxe4 25. Qxg6+ Kf8 26. Qxd6+ Qe7
27. Qh6+ Qg7 28. Qd6+ Kg8 29. h3 Nf2+ 30. Kg1 Nxh3+ 31. Kh2 Nf4 32. g3 Rh5+ 0-1

[Event "Madrid ch Veteranos 2324"]
[Site "Madrid ESP"]
[Date "2024.03.18"]
[Round "6.19"]
[White "Moreno Torrero, Javier"]
[Black "Ruiz Quevedo, Andres"]
[Result "1/2-1/2"]
[WhiteElo "1911"]
[BlackElo "1865"]
[PlyCount "28"]
[EventDate "2024.03.11"]
[EventType "swiss"]
[EventRounds "9"]
[EventCountry "ESP"]
[SourceTitle "Ajedrez en Madrid"]
[Source "lmi"]
[SourceDate "2024.03.11"]
[SourceVersion "1"]
[SourceVersionDate "2024.03.23"]
[SourceQuality "1"]

1. e4 c5 2. Nf3 g6 3. d4 cxd4 4. Nxd4 Bg7 5. Nc3 Nc6 6. Be3 Nf6 7. Bc4 O-O 8.
O-O Nxe4 9. Bxf7+ Rxf7 10. Nxe4 h6 11. c3 d6 12. Qd2 Kh7 13. Rad1 Ne5 14. Qe2
Ng4 1/2-1/2

[Event "Madrid ch Veteranos 2324"]
[Site "Madrid ESP"]
[Date "2024.03.18"]
[Round "6.20"]
[White "Vukotic Jovsic, Dragan"]
[Black "Lopez Heras, Arturo"]
[Result "0-1"]
[WhiteElo "1882"]
[BlackElo "1814"]
[PlyCount "68"]
[EventDate "2024.03.11"]
[EventType "swiss"]
[EventRounds "9"]
[EventCountry "ESP"]
[SourceTitle "Ajedrez en Madrid"]
[Source "lmi"]
[SourceDate "2024.03.11"]
[SourceVersion "1"]
[SourceVersionDate "2024.03.23"]
[SourceQuality "1"]

1. Nf3 c5 2. c3 g6 3. d4 cxd4 4. cxd4 Nf6 5. Nc3 Bg7 6. Bf4 d6 7. e3 O-O 8. Rc1
a6 9. h3 Nc6 10. Be2 Bd7 11. O-O Rc8 12. a3 Na5 13. b4 Nc4 14. Qb3 b5 15. Rfd1
Bc6 16. a4 Nd5 17. axb5 axb5 18. Nxb5 Nxf4 19. Bxc4 Bxf3 20. gxf3 Nxh3+ 21. Kg2
Ng5 22. Nc3 Qd7 23. Be2 Qh3+ 24. Kg1 Nxf3+ 25. Bxf3 Qxf3 26. Nd5 Qg4+ 27. Kf1
Qh4 28. Nc3 e5 29. Qd5 exd4 30. exd4 Qh3+ 31. Kg1 Rxc3 32. Rxc3 Qxc3 33. Qxd6
Re8 34. b5 Qb3 0-1

[Event "Madrid ch Veteranos 2324"]
[Site "Madrid ESP"]
[Date "2024.03.18"]
[Round "6.21"]
[White "Perez Hernandez, Alfonso"]
[Black "Ubillus Carrasco, Javier"]
[Result "1-0"]
[WhiteElo "1795"]
[BlackElo "1879"]
[PlyCount "97"]
[EventDate "2024.03.11"]
[EventType "swiss"]
[EventRounds "9"]
[EventCountry "ESP"]
[SourceTitle "Ajedrez en Madrid"]
[Source "lmi"]
[SourceDate "2024.03.11"]
[SourceVersion "1"]
[SourceVersionDate "2024.03.23"]
[SourceQuality "1"]

1. c4 Nf6 2. Nc3 c6 3. g3 e5 4. Bg2 Bc5 5. e3 O-O 6. d4 exd4 7. exd4 Re8+ 8.
Nge2 Bb4 9. O-O h6 10. a3 Ba5 11. b4 Bc7 12. d5 cxd5 13. cxd5 d6 14. h3 a6 15.
a4 Nbd7 16. a5 Ne5 17. Nd4 Bd7 18. Bf4 Ng6 19. Be3 Qc8 20. Kh2 Bxa5 21. Rc1
Bxb4 22. Ncb5 Qb8 23. Nc7 Rf8 24. Nxa8 Qxa8 25. Qb3 Bc5 26. Rb1 b6 27. Nc2 Bf5
28. Rbc1 Rb8 29. Rfd1 Ne4 30. g4 Bxg4 31. hxg4 Nxf2 32. Bxf2 Bxf2 33. Rf1 Bc5
34. Ne3 Re8 35. Nf5 Qd8 36. Rce1 Ne5 37. Qg3 a5 38. Bh3 a4 39. Nh4 b5 40. Nf3
f6 41. Nxe5 dxe5 42. Rd1 Bd6 43. Kh1 b4 44. Qd3 Qb6 45. g5 e4 46. Qe2 hxg5 47.
Qh5 Kf8 48. Be6 Qa7 49. Qh8+ 1-0

[Event "Madrid ch Veteranos 2324"]
[Site "Madrid ESP"]
[Date "2024.03.18"]
[Round "6.22"]
[White "Alberdi Garcia, Carlos Alfonso"]
[Black "Quintero Torres, Pedro"]
[Result "1-0"]
[WhiteElo "1765"]
[BlackElo "1948"]
[PlyCount "211"]
[EventDate "2024.03.11"]
[EventType "swiss"]
[EventRounds "9"]
[EventCountry "ESP"]
[SourceTitle "Ajedrez en Madrid"]
[Source "lmi"]
[SourceDate "2024.03.11"]
[SourceVersion "1"]
[SourceVersionDate "2024.03.23"]
[SourceQuality "1"]

1. d4 d5 2. Nf3 c5 3. e3 cxd4 4. exd4 Nf6 5. Bd3 Nc6 6. c3 g6 7. h3 Bg7 8. O-O
O-O 9. Re1 Qc7 10. Qe2 a6 11. a4 e6 12. Ne5 Nxe5 13. dxe5 Nd7 14. f4 b6 15. Nd2
Bb7 16. Nf3 Nc5 17. Bc2 Rac8 18. Be3 Rfd8 19. Rad1 Bf8 20. Nd4 Bc6 21. Nxc6
Qxc6 22. h4 Nxa4 23. Bxa4 Qxa4 24. Bxb6 Rd7 25. Bd4 Bc5 26. Bxc5 Rxc5 27. Rd4
Rc4 28. Red1 Rdc7 29. h5 Qb5 30. Rxc4 Rxc4 31. hxg6 hxg6 32. Qf2 Qa4 33. Rf1 d4
34. Qh4 Qd7 35. Rf3 dxc3 36. bxc3 Qd1+ 37. Kh2 Rc8 38. Rh3 Qh5 39. Qf6 Qxh3+
40. Kxh3 Rxc3+ 41. Kg4 Rc1 42. Qd8+ Kg7 43. Qa5 Rg1 44. g3 Rh1 45. Qxa6 Rh5 46.
Kf3 Rh3 47. Kg2 Rh5 48. Qc8 Rh7 49. Qd8 Rh5 50. g4 Rh8 51. Qf6+ Kg8 52. Kf3
Rh3+ 53. Ke4 Rh7 54. Qd8+ Kg7 55. Qd2 Rh4 56. Qe2 Kg8 57. Kd4 Kg7 58. Kc5 Rh8
59. Kd6 Re8 60. g5 Ra8 61. Qe3 Rb8 62. Qh3 Rb6+ 63. Kc7 Rb5 64. Qa3 Rd5 65. Qa8
Rd4 66. Qf3 Rd5 67. Kc6 Rd4 68. Qe3 Rd5 69. Qb3 Rd4 70. Qg3 Rd8 71. Qh4 Rd4 72.
Qf2 Rd8 73. Kc7 Rd5 74. Qe2 Rd4 75. Qe3 Rd5 76. Qe4 Kg8 77. Kc6 Rd8 78. Qe3 Rd5
79. Qh3 Rd4 80. Qh4 Kg7 81. Qh6+ Kg8 82. Qh4 Kg7 83. Kc5 Rd5+ 84. Kc6 Rd4 85.
Kc5 Rd5+ 86. Kc4 Rd7 87. Qh6+ Kg8 88. f5 gxf5 89. g6 fxg6 90. Qxg6+ Kf8 91.
Qxe6 Rf7 92. Qd6+ Re7 93. Kd4 Ke8 94. Ke3 Rf7 95. Kf4 Rd7 96. Qg6+ Kf8 97. Kxf5
Rf7+ 98. Ke4 Re7 99. Qd6 Kf7 100. Kf5 Ke8 101. e6 Rh7 102. Qb8+ Ke7 103. Qb7+
Kf8 104. Qxh7 Ke8 105. Qf7+ Kd8 106. Qd7# 1-0

[Event "Madrid ch Veteranos 2324"]
[Site "Madrid ESP"]
[Date "2024.03.18"]
[Round "6.23"]
[White "Martin Garcia, Luis I"]
[Black "Garcia Santiago, Juan Carlos"]
[Result "1/2-1/2"]
[WhiteElo "1894"]
[BlackElo "1739"]
[PlyCount "58"]
[EventDate "2024.03.11"]
[EventType "swiss"]
[EventRounds "9"]
[EventCountry "ESP"]
[SourceTitle "Ajedrez en Madrid"]
[Source "lmi"]
[SourceDate "2024.03.11"]
[SourceVersion "1"]
[SourceVersionDate "2024.03.23"]
[SourceQuality "1"]

1. e4 e5 2. Nf3 Nc6 3. Bb5 Nf6 4. O-O d6 5. d4 exd4 6. Nxd4 Bd7 7. Nxc6 bxc6 8.
Bd3 Be7 9. b3 c5 10. Bb2 O-O 11. Nd2 Be6 12. c4 Ng4 13. h3 Bf6 14. Bxf6 Nxf6
15. Nf3 Nd7 16. Qe2 f6 17. Rfd1 Ne5 18. Qe3 a5 19. Be2 Qc8 20. Ne1 f5 21. f4
Ng6 22. Bh5 fxe4 23. Bxg6 hxg6 24. Qxe4 Bf7 25. Nf3 Qf5 26. Re1 Qxe4 27. Rxe4
d5 28. cxd5 Bxd5 29. Re3 Bxf3 1/2-1/2

[Event "Madrid ch Veteranos 2324"]
[Site "Madrid ESP"]
[Date "2024.03.18"]
[Round "6.25"]
[White "Bermudez Melero, Fernando"]
[Black "Perez Pascual, Arturo"]
[Result "0-1"]
[WhiteElo "1840"]
[BlackElo "1710"]
[PlyCount "120"]
[EventDate "2024.03.11"]
[EventType "swiss"]
[EventRounds "9"]
[EventCountry "ESP"]
[SourceTitle "Ajedrez en Madrid"]
[Source "lmi"]
[SourceDate "2024.03.11"]
[SourceVersion "1"]
[SourceVersionDate "2024.03.23"]
[SourceQuality "1"]

1. d4 d5 2. Bf4 Bf5 3. e3 c6 4. c4 Qb6 5. Qb3 Qxb3 6. axb3 Na6 7. cxd5 Nb4 8.
Kd2 Nxd5 9. Bg3 e6 10. Nc3 Bb4 11. f3 Bg6 12. e4 Nde7 13. Nge2 Nf6 14. Nf4 Nh5
15. Nxh5 Bxh5 16. Bf2 f5 17. e5 Nd5 18. Bc4 f4 19. Bxd5 cxd5 20. Ke2 O-O 21.
Rhc1 Be8 22. Be1 a5 23. Bd2 Bd7 24. Rg1 Kh8 25. g3 fxg3 26. Rxg3 Rf5 27. Rag1
g6 28. Bg5 Bf8 29. h4 Kg8 30. h5 Be8 31. hxg6 Bxg6 32. Bf6 Kf7 33. Rc1 Rc8 34.
Na2 Rxc1 35. Nxc1 Rf4 36. Rg4 Rf5 37. Rg3 Rh5 38. Kf2 Bh6 39. Ne2 Rh2+ 40. Rg2
Be3+ 41. Kg3 Rxg2+ 42. Kxg2 Bd3 43. Nc3 Bxd4 44. f4 b5 45. Bd8 b4 46. Na4 Bc2
47. Bxa5 Bxb3 48. Nb6 Bxb2 49. Bxb4 Kg6 50. Kg3 Kf5 51. Nc8 Ke4 52. Nd6+ Ke3
53. Bc5+ Ke2 54. Nb5 Kd3 55. Nc7 d4 56. f5 exf5 57. e6 Ba4 58. e7 Ke2 59. e8=Q+
Bxe8 60. Nxe8 d3 0-1

[Event "Madrid ch Veteranos 2324"]
[Site "Madrid ESP"]
[Date "2024.03.18"]
[Round "6.26"]
[White "Ortega Molina, Tomas"]
[Black "Serrano Garcia, Vicente"]
[Result "1-0"]
[WhiteElo "1716"]
[BlackElo "1836"]
[PlyCount "81"]
[EventDate "2024.03.11"]
[EventType "swiss"]
[EventRounds "9"]
[EventCountry "ESP"]
[SourceTitle "Ajedrez en Madrid"]
[Source "lmi"]
[SourceDate "2024.03.11"]
[SourceVersion "1"]
[SourceVersionDate "2024.03.23"]
[SourceQuality "1"]

1. d4 d5 2. c4 c6 3. Nc3 Bf5 4. Nf3 e6 5. Bf4 Bd6 6. Bxd6 Qxd6 7. c5 Qc7 8. e3
Nf6 9. Nh4 Bg6 10. Nxg6 hxg6 11. h3 e5 12. Be2 Nbd7 13. O-O e4 14. b4 g5 15. f4
exf3 16. Bxf3 Qg3 17. Qe1 Qh4 18. Qxh4 Rxh4 19. a4 g4 20. hxg4 Ke7 21. g5 Ne4
22. Bxe4 dxe4 23. Rf4 Rxf4 24. exf4 f5 25. b5 Rc8 26. g4 g6 27. gxf5 gxf5 28.
Kf2 Rh8 29. Rg1 Rh4 30. Ne2 Ke6 31. bxc6 bxc6 32. Rb1 Rh2+ 33. Ke3 Rh3+ 34. Kd2
Rd3+ 35. Ke1 Ra3 36. g6 Rxa4 37. Rb7 Nf6 38. g7 Ra1+ 39. Kf2 a5 40. d5+ cxd5
41. Nd4# 1-0

[Event "Madrid ch Veteranos 2324"]
[Site "Madrid ESP"]
[Date "2024.03.18"]
[Round "6.27"]
[White "Hernandez Gutierrez, Jose"]
[Black "Martinez Miura, Enrique"]
[Result "1-0"]
[WhiteElo "1825"]
[BlackElo "1696"]
[PlyCount "67"]
[EventDate "2024.03.11"]
[EventType "swiss"]
[EventRounds "9"]
[EventCountry "ESP"]
[SourceTitle "Ajedrez en Madrid"]
[Source "lmi"]
[SourceDate "2024.03.11"]
[SourceVersion "1"]
[SourceVersionDate "2024.03.23"]
[SourceQuality "1"]

1. d4 d5 2. Bf4 Nf6 3. e3 e6 4. Nd2 Be7 5. Bd3 Nbd7 6. Ngf3 b6 7. Ne5 Bb7 8.
Qf3 O-O 9. g4 g6 10. h4 Nxe5 11. dxe5 Ne4 12. Nxe4 dxe4 13. Bxe4 Bxe4 14. Qxe4
Qd5 15. Qxd5 exd5 16. h5 g5 17. Bg3 Bc5 18. c3 a5 19. a4 h6 20. O-O Rae8 21.
Kg2 c6 22. Rfb1 f5 23. exf6 Rxf6 24. b4 axb4 25. cxb4 Bd6 26. a5 bxa5 27. bxa5
Bxg3 28. Kxg3 Ra8 29. a6 c5 30. a7 Rff8 31. Rb7 Rf7 32. Rxf7 Kxf7 33. Ra6 c4
34. Kf3 1-0

[Event "Madrid ch Veteranos 2324"]
[Site "Madrid ESP"]
[Date "2024.03.18"]
[Round "6.28"]
[White "Gimenez Buiza, Fernando"]
[Black "Menendez Domens, Juan Manuel"]
[Result "1/2-1/2"]
[WhiteElo "1824"]
[BlackElo "1651"]
[PlyCount "105"]
[EventDate "2024.03.11"]
[EventType "swiss"]
[EventRounds "9"]
[EventCountry "ESP"]
[SourceTitle "Ajedrez en Madrid"]
[Source "lmi"]
[SourceDate "2024.03.11"]
[SourceVersion "1"]
[SourceVersionDate "2024.03.23"]
[SourceQuality "1"]

1. d4 f5 2. Qd3 d5 3. g4 fxg4 4. h3 Nf6 5. hxg4 Bxg4 6. Nh3 Qd7 7. Ng5 Bf5 8.
Qb3 Qc6 9. e4 Bd7 10. Nc3 e6 11. Bb5 Qb6 12. Bxd7+ Nbxd7 13. Qxb6 Nxb6 14. Nxe6
Kd7 15. Nc5+ Kc6 16. Be3 dxe4 17. N5xe4 Nxe4 18. Nxe4 Nc4 19. O-O-O Nxe3 20.
fxe3 Re8 21. d5+ Kb6 22. Nc3 Rxe3 23. d6 Re6 24. Nd5+ Kc5 25. Nxc7 Rxd6 26.
Rh5+ Kc6 27. Rxd6+ Bxd6 28. Nb5 a6 29. Nd4+ Kd7 30. Rf5 Rf8 31. Rd5 Ke7 32.
Nf5+ Ke6 33. Rxd6+ Kxf5 34. Rd7 h5 35. Rxg7 b5 36. Kd2 Re8 37. Rf7+ Kg5 38.
Rg7+ Kf6 39. Ra7 Re6 40. Rh7 Kg5 41. Rg7+ Rg6 42. Rh7 h4 43. Ke2 Rf6 44. Rg7+
Kh5 45. Rh7+ Kg4 46. Rg7+ Kf4 47. Kf2 Ke4+ 48. Kg2 Rh6 49. Kh3 Ke3 50. Rd7 Kf4
51. Rd4+ Ke3 52. Rd3+ Kf4 53. Rd5 1/2-1/2

[Event "Madrid ch Veteranos 2324"]
[Site "Madrid ESP"]
[Date "2024.03.18"]
[Round "6.30"]
[White "Infante Martin, Alonso"]
[Black "Rodriguez Rodriguez, Ricardo"]
[Result "0-1"]
[WhiteElo "1618"]
[BlackElo "1786"]
[PlyCount "92"]
[EventDate "2024.03.11"]
[EventType "swiss"]
[EventRounds "9"]
[EventCountry "ESP"]
[SourceTitle "Ajedrez en Madrid"]
[Source "lmi"]
[SourceDate "2024.03.11"]
[SourceVersion "1"]
[SourceVersionDate "2024.03.23"]
[SourceQuality "1"]

1. d4 d5 2. Nf3 Nf6 3. c4 c6 4. Nc3 Bf5 5. Bg5 e6 6. a3 Be7 7. e3 O-O 8. Nh4
Bg4 9. Nf3 Nbd7 10. Be2 Re8 11. h3 Bxf3 12. Bxf3 dxc4 13. O-O Qa5 14. Qc2 Qxg5
15. Rfe1 Nf8 16. e4 Ng6 17. e5 Nd5 18. Ne4 Qh6 19. Ng3 Bh4 20. Re4 Bxg3 21.
fxg3 f5 22. exf6 Nxf6 23. Ree1 Qg5 24. Qf2 e5 25. h4 Qh6 26. dxe5 Nxe5 27. Qd4
Nxf3+ 28. gxf3 Nd5 29. Re4 Rxe4 30. fxe4 Qe3+ 31. Qxe3 Nxe3 32. a4 Rd8 33. Kf2
Ng4+ 34. Kf3 Ne5+ 35. Ke3 Nd3 36. Rd1 Kf7 37. b3 b5 38. bxc4 bxc4 39. Rd2 Rb8
40. Rc2 Ne5 41. Rf2+ Ke6 42. Rf5 Rb3+ 43. Kd4 Rd3+ 44. Kc5 c3 45. Rf1 c2 46.
Rc1 Rd2 0-1

[Event "Madrid ch Veteranos 2324"]
[Site "Madrid ESP"]
[Date "2024.03.18"]
[Round "6.31"]
[White "Hortelano Hap, Ramon"]
[Black "Montero Montero, Juan Jose"]
[Result "1/2-1/2"]
[WhiteElo "1680"]
[BlackElo "1779"]
[PlyCount "43"]
[EventDate "2024.03.11"]
[EventType "swiss"]
[EventRounds "9"]
[EventCountry "ESP"]
[SourceTitle "Ajedrez en Madrid"]
[Source "lmi"]
[SourceDate "2024.03.11"]
[SourceVersion "1"]
[SourceVersionDate "2024.03.23"]
[SourceQuality "1"]

1. c4 b6 2. d4 e6 3. Nc3 Bb7 4. e4 Bb4 5. Qg4 Bxc3+ 6. bxc3 Nf6 7. Qxg7 Rg8 8.
Qh6 Rg6 9. Qh4 Nxe4 10. Qxh7 Qf6 11. f3 Nxc3 12. Be3 c5 13. dxc5 Nd5 14. cxd5
Qxa1+ 15. Kf2 Qb2+ 16. Ne2 Bxd5 17. Bd4 Qc2 18. Qh8+ Ke7 19. Qh4+ f6 20. Qh7+
Kf8 21. Qh8+ Kf7 22. Qh7+ 1/2-1/2

[Event "Madrid ch Veteranos 2324"]
[Site "Madrid ESP"]
[Date "2024.03.18"]
[Round "6.32"]
[White "Fernandez Rios, Jose Francisco"]
[Black "Arjona Anchoriz, Ignacio"]
[Result "1-0"]
[WhiteElo "1770"]
[BlackElo "1606"]
[PlyCount "67"]
[EventDate "2024.03.11"]
[EventType "swiss"]
[EventRounds "9"]
[EventCountry "ESP"]
[SourceTitle "Ajedrez en Madrid"]
[Source "lmi"]
[SourceDate "2024.03.11"]
[SourceVersion "1"]
[SourceVersionDate "2024.03.23"]
[SourceQuality "1"]

1. d4 f5 2. Nc3 e6 3. e4 Bb4 4. exf5 Bxc3+ 5. bxc3 exf5 6. Bd3 d6 7. Ne2 Nf6 8.
O-O O-O 9. Ng3 Nd5 10. Bc4 Be6 11. Re1 Qd7 12. Qe2 Bf7 13. Qf3 Qc6 14. Bb3 Nd7
15. Nxf5 Qxc3 16. Qxc3 Nxc3 17. Ne7+ Kh8 18. Bb2 Bxb3 19. axb3 Nb5 20. c4 Nxd4
21. Bxd4 c6 22. g4 Rf4 23. Rxa7 Rxg4+ 24. Kf1 Rxa7 25. Bxa7 g6 26. Nxc6 Nf6 27.
Bd4 Kg7 28. Re7+ Kf8 29. Bxf6 bxc6 30. Rxh7 Rf4 31. Be7+ Kg8 32. Bxd6 Rxf2+ 33.
Kxf2 Kxh7 34. b4 1-0

[Event "Madrid ch Veteranos 2324"]
[Site "Madrid ESP"]
[Date "2024.03.18"]
[Round "6.33"]
[White "Jimenez Ascarza, Jose Ignacio"]
[Black "Nevado Munoz, Rafael"]
[Result "1-0"]
[WhiteElo "1755"]
[BlackElo "1710"]
[PlyCount "63"]
[EventDate "2024.03.11"]
[EventType "swiss"]
[EventRounds "9"]
[EventCountry "ESP"]
[SourceTitle "Ajedrez en Madrid"]
[Source "lmi"]
[SourceDate "2024.03.11"]
[SourceVersion "1"]
[SourceVersionDate "2024.03.23"]
[SourceQuality "1"]

1. e4 d6 2. d4 g6 3. Nc3 Bg7 4. Be3 Nf6 5. f3 O-O 6. Qd2 Nc6 7. O-O-O Bd7 8. g4
e5 9. Nge2 a6 10. h4 Bxg4 11. fxg4 Nxg4 12. d5 Nxe3 13. Qxe3 Nd4 14. h5 g5 15.
h6 Bf6 16. Kb1 Kh8 17. Bh3 Rg8 18. Bg4 Qf8 19. Rdf1 Rg6 20. Qf2 Kg8 21. Ng3 Bh8
22. Nf5 Re8 23. Bh5 Rf6 24. Rhg1 Nxf5 25. Rxg5+ Rg6 26. Qxf5 Qe7 27. Bxg6 fxg6
28. Rxg6+ hxg6 29. Qxg6+ Bg7 30. hxg7 Rd8 31. Rg1 Qh4 32. Qe6+ 1-0